Napĺňanie podmienok úspešného fungovania klastrov z pohľadu Slovenského plastikárskeho klastra

Systémové aj špecifické príčiny nízkej inovačnej aktivity jediného slovenského priemyselného klastra orientovaného na oblasť chemického priemyslu - Slovenského plastikárskeho klastra. Skúmanie konkrétnych faktorov ovplyvňujúcich nízku inovačnú aktivitu SPK.

Gespeichert in:
Bibliographische Detailangaben
1. Verfasser: Bondareva, Irina
Weitere Verfasser: Plchová, Jana
Format: Buchkapitel
Sprache:Slowakisch
Schlagworte:
Tags: Tag hinzufügen
Keine Tags, Fügen Sie das erste Tag hinzu!

MARC

LEADER 00000naa a2200000 4500
001 0262412
005 20200218084114.4
041 0 |a slo 
044 |a SK 
245 1 0 |a Napĺňanie podmienok úspešného fungovania klastrov z pohľadu Slovenského plastikárskeho klastra  |c Irina Bondareva, Jana Plchová 
520 |a Systémové aj špecifické príčiny nízkej inovačnej aktivity jediného slovenského priemyselného klastra orientovaného na oblasť chemického priemyslu - Slovenského plastikárskeho klastra. Skúmanie konkrétnych faktorov ovplyvňujúcich nízku inovačnú aktivitu SPK. 
610 2 0 |a klaster 
610 2 0 |a priemysel chemický 
610 2 0 |a inovácia 
610 2 0 |a Slovensko 
610 2 0 |a podnik 
100 1 |a Bondareva, Irina 
700 1 |a Plchová, Jana